| 000 | 00526nam a2200193Ia 4500 | ||
|---|---|---|---|
| 003 | OSt | ||
| 005 | 20220428143612.0 | ||
| 008 | 210210b1998 xxu||||| |||| 00| 0 eng d | ||
| 040 |
_aAL _c |
||
| 041 | _aEnglish | ||
| 082 | _a574.076 VINB | ||
| 100 |
_aVINYAS PUBLISHERS. _932707 |
||
| 245 |
_aBiology examination questions for II PUC _b (question papers of April 1983 to october 1997) |
||
| 260 |
_aMangalore _bVinyas Publishers _c1998 |
||
| 300 | _a52 | ||
| 690 |
_aBiology _932709 |
||
| 906 | _a053188 | ||
| 942 |
_2ddc _cBK |
||
| 999 |
_c101535 _d101535 |
||